Mixed Word: First/Last Letter H Quiz Stats

 Plays Quiz Updated Jun 12, 2017

Support Sporcle.
Go Orange.
Score 0/18 Timer 03:00
1 Play Today
Scrambled Center 6-Letter Word % Correct
POOLhoopla
93.3%
LUSThustle
85.4%
TODOhotdog
81.6%
REALherald
78.7%
LIEUhelium
78.2%
COKEhockey
78.1%
LATEhealth
76.1%
BOONhobnob
73.3%
DEARharden
72.1%
Scrambled Center 6-Letter Word % Correct
ROARharrow
71.7%
BOARharbor
69.6%
CITEhectic
69.5%
GIGAhaggis
69.3%
RAIDhairdo
60.5%
BAREherbal
59.6%
BOAThatbox
57.8%
ORALharlot
51.7%
SOYShyssop
49.5%

You're not logged in!

Compare scores with friends on all Sporcle quizzes.
OR
Log In
Forgot?

From the Vault

Remove Ads.
Support Sporcle.
Get the best of Sporcle when you Go Orange. This ad-free experience offers more features, more stats, and more fun while also helping to support Sporcle. Thank you for becoming a member.

Show Comments

Extras

Top Quizzes Today


Score Distribution

Your Account Isn't Verified!

In order to create a playlist on Sporcle, you need to verify the email address you used during registration. Go to your Sporcle Settings to finish the process.

Report this User

Report this user for behavior that violates our Community Guidelines.

Details: